000 00386nam a2200133Ia 4500
008 151001s9999||||xx |||||||||||||| ||und||
100 _aनागेश सु शेवाळकर
245 _aशाळा लावते लळा
250 _a1
260 _b"गवळी प्रकाशन, इस्लामपूर"
260 _c2012
300 _a88
365 _b18
999 _c999761
_d999758